Statistics for Name the Batman Comic

Click here to take the quiz!

General Stats

  • This quiz has been taken 15 times
  • The average score is 9 of 16

Answer Stats

Answer% Correct
Batman: The Killing Joke
100%
Batman: Under The Red Hood
100%
Batman: Year One
91%
Arkham Asylum
82%
Batman '89
82%
Batman: Court of Owls
82%
Batman: The Dark Knight Returns
82%
Batman: White Knight
73%
Batman: Dark Victory
55%
Batman: Earth One
55%
Batman: Noel
45%
Batman and Son
36%
Batman: Haunted Gotham
18%
Batman: The Imposter
18%
Batman: Child of Dreams
9%
Batman: Thrillkiller
9%

Score Distribution

Percentile by Number Answered

Percent of People with Each Score

Your Score History

You have not taken this quiz